00358cam a22000857a 4500008004000000245013400040260005000174300000900224700003900233180718b1968 xxu||||| |||| 00| 0 eng d aIndian standard guide for preparation of manuscript of an article in a learned periodicalcby Indian Standrads Institution, India aNew DelhibIndian Standrads Institutionc1968 a13p. aIndia.Indian Standrads Institution